All Goals of the EURO 2024 - Statistics

General Stats
  • This quiz has been taken 9 times
  • The average score is 30 of 117
Answer Stats
Game Score Answer % Correct
GER-SCO 1:0 Florian Wirtz
88%
ESP:GER 1:1 Florian Wirtz
88%
GER-SCO 2:0 Jamal Musiala
88%
GER:HUN 1:0 Jamal Musiala
88%
GER:DEN 2:0 Jamal Musiala
88%
ESP:ENG 1:1 Cole Palmer
75%
GER-SCO 3:0 Kai Havertz
75%
GER:DEN 1:0 Kai Havertz
75%
ESP:FRA 1:1 Lamine Yamal
75%
ESP:ENG 2:1 Mikel Oyarzabal
75%
GER-SCO 4:0 Niclas Füllkrug
75%
SUI:GER 1:1 Niclas Füllkrug
75%
ESP:GEO 3:1 Nico Williams
75%
ESP:ENG 1:0 Nico Williams
75%
DEN:ENG 0:1 Harry Kane
63%
ENG:SVK 2:1 Harry Kane
63%
NED:ENG 1:1 Harry Kane
63%
FRA:POL 1:0 Kylian Mbappe
63%
CRO:ITA 1:0 Luka Modric
63%
GER-SCO 4:1 Antonio Rüdiger (Own Goal)
50%
TUR:POR 0:3 Bruno Fernandes
50%
ESP:CRO 3:0 Dani Carvajal
50%
ALB:ESP 0:1 Ferran Torres
50%
GER:HUN 2:0 Ilkay Gündogan
50%
NED:ENG 1:0 Xavi Simons
50%
BEL:ROM 1:0 Youri Tielemans
50%
ESP:CRO 1:0 Álvaro Morata
38%
TUR:POR 0:1 Bernardo Silva
38%
POL:NED 1:1 Cody Gakpo
38%
NED:AUT 1:1 Cody Gakpo
38%
ROM:NED 0:1 Cody Gakpo
38%
ESP:GEO 4:1 Dani Olmo
38%
ESP:GER 1:0 Dani Olmo
38%
ESP:FRA 2:1 Dani Olmo
38%
SRB:ENG 0:1 Jude Bellingham
38%
ENG:SVK 1:1 Jude Bellingham
38%
BEL:ROM 2:0 Kevin de Bruyne
38%
POL:AUT 1:3 Marko Arnautović
38%
NED:AUT 2:2 Memphis Depay
38%
ESP:GER 2:1 Mikel Merino
38%
ITA:ALB 2:1 Nicolo Barella
38%
FRA:POL 1:1 Robert Lewandowski
38%
ESP:GEO 1:1 Rodri
38%
SCO:SUI 1:1 Xherdan Shaqiri
38%
CRO:ALB 1:1 Andrej Kramarić
25%
HUN:SUI 1:2 Barnabás Varga
25%
HUN:SUI 1:3 Breel Embolo
25%
ENG:SUI 1:1 Bukayo Saka
25%
SUI:GER 1:0 Dan Ndoye
25%
GER-SCO 5:1 Emre Can
25%
CRO:ITA 1:1 Mattia Zaccagni
25%
NED:ENG 1:2 Ollie Watkins
25%
GEO:CZE 1:1 Patrik Schick
25%
ESP:FRA 0:1 Randal Kolo Muani
25%
ESP:ITA 1:0 Riccardo Calafiori (Own Goal)
25%
SCO:SUI 1:0 Scott McTominay
25%
TUR:GEO 2:1 Arda Güler
13%
SLO:DEN 0:1 Christian Eriksen
13%
POL:AUT 1:2 Christoph Baumgartner
13%
ESP:CRO 2:0 Fabian
13%
ESP:GEO 2:1 Fabián
13%
TUR:GEO 1:1 Georges Mikautadze
13%
GEO:CZE 1:0 Georges Mikautadze
13%
GEO:POR 2:0 Georges Mikautadze
13%
HUN:SUI 0:1 Kwadwo Duah
13%
SLO:SRB 1:1 Luka Jović
13%
NED:AUT 2:3 Marcel Sabitzer
13%
TUR:GEO 1:0 Mert Müldür
13%
HUN:SUI 0:2 Michel Aebischer
13%
DEN:ENG 1:1 Morten Hjulmand
13%
SVK:ROM 1:0 Ondrej Duda
13%
SUI:ITA 1:0 Remo Freuler
13%
SUI:ITA 2:0 Rubén Vargas
13%
POL:NED 1:2 Wout Weghorst
13%
POL:NED 1:0 Adam Buksa
0%
ITA:ALB 1:1 Alessandro Bastoni
0%
ENG:SUI 0:1 Breel Embolo
0%
CZE:TUR 1:2 Cenk Tosun
0%
GEO:POR 1:0 Chwitscha Kwarazchelia
0%
ROM:UKR 3:0 Denis Drăguș
0%
ROM:NED 0:2 Donyell Malen
0%
ROM:NED 0:3 Donyell Malen
0%
NED:AUT 0:1 Donyell Malen (Own Goal)
0%
SLO:DEN 1:1 Erik Janža
0%
POR:CZE 2:1 Francisco Conceição
0%
POL:AUT 0:1 Gernot Trauner
0%
CZE:TUR 0:1 Hakan Çalhanoğlu
0%
BEL:SVK 0:1 Ivan Schranz
0%
SVK:UKR 1:0 Ivan Schranz
0%
ENG:SVK 0:1 Ivan Schranz
0%
FRA:BEL 1:0 Jan Vertonghen (Own Goal)
0%
TUR:GEO 3:1 Kerem Aktürkoğlu
0%
SCO:HUN 0:1 Kevin Csoboth
0%
CRO:ALB 2:2 Klaus Gjasula
0%
CRO:ALB 2:1 Klaus Gjasula (Own Goal)
0%
POL:AUT 1:1 Krzysztof Piątek
0%
POR:CZE 0:1 Lukáš Provod
0%
AUT:FRA 0:1 Maximillian Wöber (Own Goal)
0%
AUT:TUR 0:1 Merih Demiral
0%
AUT:TUR 0:2 Merih Demiral
0%
NED:TUR 2:1 Mert Müldür (Own Goal)
0%
AUT:TUR 1:2 Michael Gregoritsch
0%
SVK:UKR 1:1 Mykola Schaparenko
0%
ITA:ALB 0:1 Nedim Bajrami
0%
ROM:UKR 1:0 Nicolae Stanciu
0%
CRO:ALB 0:1 Qazim Laçi
0%
ROM:UKR 2:0 Răzvan Marin
0%
SVK:ROM 1:1 Răzvan Marin
0%
POR:CZE 1:1 Robin Hranáč (Own Goal)
0%
ESP:GEO 0:1 Robin Le Normand (Own Goal)
0%
SVK:UKR 1:2 Roman Jaremtschuk
0%
NED:AUT 1:2 Romano Schmid
0%
NED:TUR 0:1 Samet Akaydin
0%
TUR:POR 0:2 Samet Akaydın (Own Goal)
0%
NED:TUR 1:1 Stefan de Vrij
0%
CZE:TUR 1:1 Tomáš Souček
0%
SLO:SRB 1:0 Žan Karničnik
0%
No matching quizzes found
Score Distribution
Percent of People with Each Score
Percentile by Number Answered
Your Score History
You have not taken this quiz